=LDR 00000nam 2200000 4500 =001 001169 =005 20250710115636 =035 ##$$a 0010-0725000056 =007 ta =008 250710################a##########0#ind## =020 ##$$a 978-623-118-816-8 =082 ##$$a 398.209 598 =084 ##$$a 398.209 598 AJI b =100 #$$a Ajileo, Ruslan =245 1#$$a Bara si Kaki Ajaib /$c Ruslan Ajileo =250 ##$$a Cetakan Pertama =260 ##$$a Jakarta Timur :$b Kementerian Pendidikan, Kebudayaan, Riset, dan Teknologi,$c 2022 =300 ##$$a 36 hlm : $b ilus. ; $c 29,7 cm =650 #4$$a Cerita Bergambar =600 #4$$a Cerita anak-Indonesia =856 ##$$a TBM AS SUHADA